Score 0/11 Timer 10:00
0 Plays Today
% Correct
Kingda Ka
89.3%
El Toro
88%
Nitro
85.3%
Batman the Ride
74.7%
Superman Ultimate Flight
66.7%
Skull Mountain
50.7%
Bizzaro
49.3%
Rolling Thunder
48%
The Dark Knight Coaster
42.7%
Runaway Mine Train
38.7%
34.7%
Remove Ads.
Support Sporcle.
Get the best of Sporcle when you Go Orange. This ad-free experience offers more features, more stats, and more fun while also helping to support Sporcle. Thank you for becoming a member.

You're not logged in!

Compare scores with friends on all Sporcle quizzes.
OR
Log In

Show Comments

Extras

Top Quizzes Today


Score Distribution

Your Account Isn't Verified!

In order to create a playlist on Sporcle, you need to verify the email address you used during registration. Go to your Sporcle Settings to finish the process.

Report this User

Report this user for behavior that violates our Community Guidelines.

Details: